| 000 | 00366nam a2200157Ia 4500 | ||
|---|---|---|---|
| 008 | 230711s9999||||xx |||||||||||||| ||und|| | ||
| 041 | _aENG | ||
| 082 |
_a720 _bWO-A |
||
| 100 | _aWood Michael | ||
| 245 | 0 | _aArt of the western world | |
| 250 | _a1st | ||
| 260 |
_c1989 _aNew Delhi _bSumit Book Publication |
||
| 300 | _a345 | ||
| 650 | _aArchitecture | ||
| 942 | _cBK | ||
| 999 |
_c1716 _d1716 |
||